000 00291nam a2200133 i 4500
001 bg
100 1 _aSELINOV, J. P.
245 1 0 _aIzotopy.
_nT.2 /
_cJ.P. Selinov.
260 _aMoskva,
_c1970.
040 _cBPK
041 _apol
942 _cKS
008 s pl f |000 0 pol
999 _c13508
_d13508
856 _uhttp://koha.tu.koszalin.pl/cgi-bin/koha/opac-detail.pl?biblionumber=13508
_yKatalog online BPK